Statistics for Name a Four Letter Acronym A-Z

Click here to take the quiz!

General Stats

  • This quiz has been taken 30 times
  • The average score is 8 of 26

Answer Stats

LetterAnswer% Correct
NNASA, NERF...
69%
AADHD, ASAP...
65%
RROFL, RSVP...
62%
BBYOB, BFFL...
54%
LLAPD, LOTR...
46%
FFIFA, FIAT...
42%
MMYOB, MEAC...
38%
TTLDR, TTYL...
38%
UUSSR, UCLA...
38%
OOSHA, OPEC...
35%
YYMCA, YOLO...
35%
CCCCP, CNBC...
31%
HHDMI, HOPE...
31%
PPTSD, PETA...
31%
SSTEM, SATB...
31%
EESPN, ECHO...
23%
WWNBA, WCBO...
23%
IIHOP, IMHO...
19%
DDPRK, DTRA...
15%
GGOAT, GMST...
12%
KKISS, KPNO...
12%
JJDBC, JSOA...
8%
VVRSG, VVAF...
4%
XXFEL, XBML...
4%
QQOTD, QMHP...
0%
ZZIRP, ZCMK...
0%

Score Distribution

Percentile by Number Answered

Percent of People with Each Score

Your Score History

You have not taken this quiz